Capitals With The Best Airports - Statistics

General Stats
  • This quiz has been taken 42 times
  • The average score is 13 of 14
Answer Stats
# Capital % Correct
217 London
100%
155 Tokyo
100%
209 Beijing
97%
224 Madrid
97%
278 Paris
95%
240 Rome
95%
160 Washington, D.C.
95%
267 Amsterdam
92%
165 Mexico City
92%
171 Brussels
90%
179 Seoul
87%
198 Dublin
82%
204 Vienna
82%
187 Copenhagen
77%
No matching quizzes found
Score Distribution
Percent of People with Each Score
Percentile by Number Answered
Your Score History
You have not taken this quiz